01066nam a2200169 a 450000100100000000500170001000800410002704000250006810000520009324501140014526000890025930000280034850002870037695201050066395201110076899900170087900003000820200930055957.0110428s2000 dr c 000 0 spa d aDO-SdBNPbspacBNPHU1 aTaveras Rodríguez, Juan Manuel,d1919-95672713aLa medicina en el siglo XXI :bsu desarrollo en la República Dominicana /cJuan Manuel Taveras Rodríguez. aSanto Domingo :bCámara Americana de Comercio de la República Dominicana,c2000. a32 p :bretr. ;c28 cm. aConferencia dictada por el Dr. Juan Manuel Taveras Rodríguez, profesor emérito de la escuela de medicina de la Universidad de Harvard y asesor internacional permanente del Centro de Diagnóstico, Medicina Avanzada, Laboratorio y Telemedicina (CEDIMAT) y de la Plaza de la Salud 0010718PDaPDbPDcCTd2011-04-28iLF1l0o p30008-10r2020-06-25w2020-06-25yLFPDZNo se presta 0010718PDaPDbPDcCTd2011-04-28iLF1l0o p30008-20r2020-06-25te. 2w2020-06-25yLFPDZNo se presta c29500d29500